Republic Star Ships (Star Wars) - Statistics

General Stats
  • This quiz has been taken 58 times
    55 since last reset
  • The average score is 6 of 12
Answer Stats
Picture Answer % Correct
Venator
97%
Y-Wing
89%
V-Wing
71%
Republic Gunship
66%
ARC-170
61%
Acclamator
53%
Jedi Starfighter
39%
Z-95 Headhunter
26%
Republic Arquitens
24%
Republic Victory 1
24%
Pelta
13%
C-70 Corvette
5%
No matching quizzes found
Score Distribution
Percent of People with Each Score
Percentile by Number Answered
Your Score History
You have not taken this quiz since the last reset